000 00457nam a2200169Ia 4500
005 20250508150920.0
008 008 250505s9999 xx 000 0 eng d
037 _aTextual
040 _aFEDL
_beng
_cFEDL
041 _aeng
_2eng
084 _a726.1, LEV
_qFEDL
100 _aLevi Sylvain
245 0 _aAux indes sanctuaires
260 _aParis, France
_bPaul Hartmann, Editeur
942 _cTEXL
_h726.1, LEV
999 _c1326444
_d1326444